¿ Guerra y censura...algo inseparable?

Gespeichert in:
Bibliographische Detailangaben
1. Verfasser: Kunczik, Michael
Format: Text
Veröffentlicht: Bonn: Fundación Friedrich Ebert Stiftung
Tags: Tag hinzufügen
Keine Tags, Fügen Sie den ersten Tag hinzu!

MARC

LEADER 00000 a a2200000 04500
001 23283
003
040
090 |a 161100  
100 |a Kunczik, Michael  
245 |a ¿ Guerra y censura...algo inseparable?  
260 |a Bonn:   |b Fundación Friedrich Ebert Stiftung  
300 |a 36 p.  
999 |c 1236  |d 1236